[Event "4NCL/Div4/BRI2 vs. PPA2"]
[Site "Wokefield Park ENG"]
[Date "2008.05.05"]
[Round "11.2"]
[White "McCorry, Robert T"]
[Black "Dilleigh, Stephen P"]
[Result "0-1"]
[WhiteElo "2097"]
[BlackElo "2128"]
[PlyCount "50"]
[EventDate "2008.05.05"]
[EventType "team"]
[EventRounds "11"]
[EventCountry "ENG"]
[SourceDate "2007.09.15"]

1. e4 e6 2. d4 d5 3. Nc3 Nf6 4. Bg5 dxe4 5. Nxe4 Be7 6. Bxf6 Bxf6 7. Nf3 O-O 8.
Qd2 Nd7 9. O-O-O Be7 10. Bd3 b6 11. Neg5 Nf6 12. h4 Bb7 13. Rh3 c5 14. dxc5 Qc7
15. Nxh7 Nxh7 16. Bxh7+ Kxh7 17. Ng5+ Kg8 18. Qd3 Qf4+ 19. Kb1 Qf5 20. Qc3 Rfd8
21. Rhd3 Rxd3 22. Rxd3 Qxf2 23. a3 Bd5 24. Rxd5 exd5 25. c6 Qf1+ 0-1

[Event "4NCL/Div4/BRI2 vs. PPA2"]
[Site "Wokefield Park ENG"]
[Date "2008.05.05"]
[Round "11.3"]
[White "Littlejohns, David P"]
[Black "McMahon, Paul"]
[Result "1/2-1/2"]
[WhiteElo "2090"]
[BlackElo "2018"]
[PlyCount "36"]
[EventDate "2008.05.05"]
[EventType "team"]
[EventRounds "11"]
[EventCountry "ENG"]
[SourceDate "2007.09.15"]

1. e4 e5 2. Nf3 Nc6 3. Bb5 a6 4. Ba4 Nf6 5. O-O Be7 6. Nc3 d6 7. Bxc6+ bxc6 8.
d4 exd4 9. Nxd4 Bb7 10. Nf5 O-O 11. Nxe7+ Qxe7 12. Bg5 Qe6 13. Bxf6 Qxf6 14.
Qd2 d5 15. Rad1 Rad8 16. exd5 cxd5 17. Qd4 Qg6 18. Qd3 Qc6 1/2-1/2

[Event "4NCL/Div4/BRI2 vs. PPA2"]
[Site "Wokefield Park ENG"]
[Date "2008.05.05"]
[Round "11.4"]
[White "Morris, Simon"]
[Black "Bass, John W"]
[Result "1/2-1/2"]
[WhiteElo "1900"]
[BlackElo "2089"]
[PlyCount "49"]
[EventDate "2008.05.05"]
[EventType "team"]
[EventRounds "11"]
[EventCountry "ENG"]
[SourceDate "2007.09.15"]

1. e4 c5 2. Nf3 e6 3. d4 cxd4 4. c3 d3 5. Bxd3 Nc6 6. O-O Qc7 7. Be3 Nf6 8. Nd4
Be7 9. f4 d6 10. Kh1 e5 11. fxe5 Nxe5 12. Nf5 Bxf5 13. exf5 O-O 14. Na3 a6 15.
Nc2 d5 16. Bf4 Bd6 17. Nd4 Rfe8 18. Qc2 Neg4 19. g3 Ne3 20. Bxe3 Rxe3 21. Rae1
Rae8 22. Qd2 R3e7 23. Rxe7 Qxe7 24. Qe2 Qxe2 25. Bxe2 1/2-1/2

[Event "4NCL/Div4/BRI2 vs. PPA2"]
[Site "Wokefield Park ENG"]
[Date "2008.05.05"]
[Round "11.5"]
[White "Mayhew, Andrew"]
[Black "Judkins, Brian"]
[Result "1-0"]
[WhiteElo "2021"]
[BlackElo "1945"]
[PlyCount "35"]
[EventDate "2008.05.05"]
[EventType "team"]
[EventRounds "11"]
[EventCountry "ENG"]
[SourceDate "2007.09.15"]

1. e4 e5 2. Nf3 Nf6 3. Nxe5 d6 4. Nxf7 Kxf7 5. d4 g6 6. Nc3 Be7 7. Bh6 c5 8.
Bc4+ Ke8 9. Bg7 Rf8 10. dxc5 dxc5 11. Qxd8+ Bxd8 12. O-O-O Be7 13. Kb1 a6 14.
e5 Nh5 15. Nd5 Bd8 16. Nf6+ Nxf6 17. exf6 Rxf6 18. Rhe1+ 1-0

[Event "4NCL/Div4/BRI2 vs. PPA2"]
[Site "Wokefield Park ENG"]
[Date "2008.05.05"]
[Round "11.6"]
[White "Rudd, David R"]
[Black "Richardt, Mike"]
[Result "1/2-1/2"]
[WhiteElo "1920"]
[BlackElo "1951"]
[PlyCount "38"]
[EventDate "2008.05.05"]
[EventType "team"]
[EventRounds "11"]
[EventCountry "ENG"]
[SourceDate "2007.09.15"]

1. b4 e5 2. Bb2 f6 3. b5 d5 4. e3 Be6 5. Nf3 Bd6 6. Be2 Ne7 7. O-O O-O 8. d4 e4
9. Nfd2 Qd7 10. a4 Nf5 11. c4 c6 12. cxd5 cxd5 13. Qb3 Qf7 14. Ba3 Bxa3 15.
Qxa3 Nd7 16. Rc1 Rfc8 17. Nb3 b6 18. N1d2 Qe7 19. Qxe7 Nxe7 1/2-1/2

[Event "4NCL/Div4/CONQ1 vs. HAL"]
[Site "Wokefield Park ENG"]
[Date "2008.05.05"]
[Round "11.1"]
[White "Auckland, Elliott"]
[Black "Doran, Michael J"]
[Result "1-0"]
[WhiteElo "1979"]
[BlackElo "1980"]
[PlyCount "105"]
[EventDate "2008.05.05"]
[EventType "team"]
[EventRounds "11"]
[EventCountry "ENG"]
[SourceDate "2007.09.15"]

1. d4 Nf6 2. c4 e6 3. Nc3 Bb4 4. e3 b6 5. Bd3 Bb7 6. f3 c5 7. Nge2 Nc6 8. O-O
cxd4 9. exd4 d5 10. a3 Be7 11. cxd5 exd5 12. Be3 O-O 13. Ng3 Re8 14. Nf5 Bf8
15. Qd2 Rc8 16. Rae1 Na5 17. Qf2 Nc4 18. Bg5 Rxe1 19. Rxe1 Rc6 20. Nd1 Nd6 21.
Nde3 Nxf5 22. Nxf5 Bc8 23. Qh4 g6 24. Bb5 Bxf5 25. Bxc6 Be7 26. g4 Be6 27. f4
h6 28. Qxh6 Nxg4 29. Bxe7 Qxe7 30. Qg5 Qc7 31. h3 Ne3 32. Qe5 Qxc6 33. Qxe3 Qc2
34. Re2 Qb1+ 35. Kg2 Kh7 36. Qf2 Bf5 37. Re8 Kg7 38. Re1 Qd3 39. Qe3 Be4+ 40.
Kg3 Qc2 41. Re2 Qd1 42. b4 a5 43. bxa5 bxa5 44. Rb2 Qf1 45. Kh4 f6 46. Rb7+ Kh6
47. Rf7 Qa6 48. f5+ g5+ 49. Kg4 Qc6 50. h4 Bxf5+ 51. Kxf5 Qc8+ 52. Kxf6 Qa6+
53. Qe6 1-0

[Event "4NCL/Div4/CONQ1 vs. HAL"]
[Site "Wokefield Park ENG"]
[Date "2008.05.05"]
[Round "11.2"]
[White "Asbury, Jon A"]
[Black "Cork, David J"]
[Result "1-0"]
[WhiteElo "1870"]
[BlackElo "2019"]
[PlyCount "129"]
[EventDate "2008.05.05"]
[EventType "team"]
[EventRounds "11"]
[EventCountry "ENG"]
[SourceDate "2007.09.15"]

1. d4 Nf6 2. c4 g6 3. Nc3 Bg7 4. e4 d6 5. f3 O-O 6. Be3 c5 7. Nge2 Nc6 8. Qd2
cxd4 9. Nxd4 Ne5 10. Be2 Re8 11. O-O a6 12. Rfd1 Qc7 13. b3 Bd7 14. Rac1 Rac8
15. Nd5 Nxd5 16. cxd5 Qb8 17. Rc2 Rxc2 18. Qxc2 Rc8 19. Qb2 Qa7 20. Qd2 Qb8 21.
Rc1 h5 22. Rc2 h4 23. Qc1 h3 24. Rxc8+ Bxc8 25. g4 Bd7 26. Kf2 e6 27. f4 Qd8
28. fxe5 Qh4+ 29. Kg1 exd5 30. Bg5 Qh8 31. Qc7 Bxe5 32. Qd8+ Kh7 33. Qxh8+ Kxh8
34. Nf3 Bc3 35. Bd2 Bb2 36. Ng5 Bd4+ 37. Kf1 dxe4 38. Nxf7+ Kg7 39. Ng5 Be5 40.
Nxh3 Bxh2 41. Bc3+ Be5 42. Bxe5+ dxe5 43. Kf2 a5 44. Ke3 Be6 45. Kxe4 Kf6 46.
g5+ Kg7 47. Nf2 a4 48. Bc4 axb3 49. axb3 Bf5+ 50. Kxe5 Bc2 51. b4 Kf8 52. Bd3
Bb3 53. Bxg6 Ke7 54. Be4 b6 55. g6 Kf8 56. Bd5 Bc2 57. Kf6 Bxg6 58. Kxg6 Ke7
59. Ne4 Kd7 60. Kf6 Kc7 61. b5 Kd7 62. Kf7 Kc7 63. Ke7 Kb8 64. Kd7 Ka7 65. Kc6
1-0

[Event "4NCL/Div4/CONQ1 vs. HAL"]
[Site "Wokefield Park ENG"]
[Date "2008.05.05"]
[Round "11.3"]
[White "Paul, Barnaby"]
[Black "Peck, Windsor W"]
[Result "1/2-1/2"]
[WhiteElo "1670"]
[BlackElo "1825"]
[PlyCount "139"]
[EventDate "2008.05.05"]
[EventType "team"]
[EventRounds "11"]
[EventCountry "ENG"]
[SourceDate "2007.09.15"]

1. c4 e6 2. g3 d5 3. Bg2 Nf6 4. e3 c6 5. cxd5 cxd5 6. Ne2 Nc6 7. d4 Bd6 8. Nbc3
O-O 9. O-O b6 10. b3 Ba6 11. Re1 Rc8 12. a3 Qc7 13. b4 Bc4 14. Bb2 Rfd8 15. Nb1
Ne7 16. Nd2 Bxe2 17. Qxe2 Qd7 18. Rab1 Qa4 19. Qd1 Qxd1 20. Rexd1 Rc2 21. Bf1
Bb8 22. Bd3 Rc7 23. Rdc1 Nc8 24. Rxc7 Bxc7 25. Rc1 Bb8 26. a4 Nd6 27. Ba3 Rc8
28. Rxc8+ Nxc8 29. Ba6 Nd6 30. a5 b5 31. Nb3 Nfe8 32. Nc5 Nc7 33. Bb7 Nxb7 34.
Nxb7 a6 35. Nc5 Ba7 36. Nd7 f6 37. Kf1 Kf7 38. Nb6 Ke8 39. Nc8 Bb8 40. Nd6+ Kd7
41. Nb7 Ba7 42. Ke2 e5 43. Bb2 e4 44. f3 f5 45. g4 g6 46. Kf2 fxg4 47. fxg4 Ne6
48. h4 Kc7 49. Nc5 Nxc5 50. dxc5 Kc6 51. Be5 Bxc5 52. bxc5 Kxc5 53. Ke2 b4 54.
Kd2 Kc4 55. Kc2 Kb5 56. Bc7 d4 57. exd4 Kc4 58. Bf4 Kxd4 59. Kb3 e3 60. Kxb4
Ke4 61. Bxe3 Kxe3 62. Kc5 Kf4 63. Kb6 Kxg4 64. Kxa6 Kxh4 65. Kb6 g5 66. a6 g4
67. a7 h5 68. a8=Q g3 69. Qf3 g2 70. Qxg2 1/2-1/2

[Event "4NCL/Div4/CONQ1 vs. HAL"]
[Site "Wokefield Park ENG"]
[Date "2008.05.05"]
[Round "11.4"]
[White "Llewelyn, John D"]
[Black "Ryan, Raymond R"]
[Result "1/2-1/2"]
[WhiteElo "1810"]
[BlackElo "1650"]
[PlyCount "77"]
[EventDate "2008.05.05"]
[EventType "team"]
[EventRounds "11"]
[EventCountry "ENG"]
[SourceDate "2007.09.15"]

1. e4 e5 2. Nf3 Nc6 3. Bb5 Nf6 4. d3 Bc5 5. Nbd2 a6 6. Ba4 O-O 7. c3 d5 8. Qe2
Bg4 9. h3 Bh5 10. g4 Bg6 11. Bxc6 bxc6 12. Nxe5 Qd6 13. f4 d4 14. Ndc4 Qe7 15.
f5 Nd7 16. Nxd7 Qxd7 17. fxg6 fxg6 18. Bd2 dxc3 19. bxc3 Rf2 20. d4 Rxe2+ 21.
Kxe2 Bxd4 22. cxd4 Qxd4 23. Ne3 Qxe4 24. Rhf1 Re8 25. Rab1 Qc4+ 26. Kf3 Rf8+
27. Kg3 Qxa2 28. Rxf8+ Kxf8 29. Bb4+ Ke8 30. Re1 Qb3 31. Kf3 Kf7 32. Bd2 c5 33.
Rc1 Qb7+ 34. Kg3 Qb6 35. Rf1+ Ke6 36. Rf2 Qb1 37. Re2 Qe4 38. Rf2 Qe5+ 39. Kg2
1/2-1/2

[Event "4NCL/Div4/CONQ1 vs. HAL"]
[Site "Wokefield Park ENG"]
[Date "2008.05.05"]
[Round "11.5"]
[White "Foster, Caroline"]
[Black "Pakenham, John H"]
[Result "1/2-1/2"]
[WhiteElo "1560"]
[BlackElo "1680"]
[PlyCount "49"]
[EventDate "2008.05.05"]
[EventType "team"]
[EventRounds "11"]
[EventCountry "ENG"]
[SourceDate "2007.09.15"]

1. d4 d5 2. Nf3 Nf6 3. e3 Bf5 4. Bd3 Bxd3 5. Qxd3 e6 6. Nbd2 Nbd7 7. e4 Nxe4 8.
Nxe4 dxe4 9. Qxe4 c6 10. Bg5 Be7 11. Bxe7 Qxe7 12. O-O O-O 13. c3 Rfe8 14. Rfe1
Nb6 15. Re3 Nd5 16. Rd3 Nf6 17. Qf4 Rad8 18. Re1 Rd5 19. Re5 h6 20. h4 Nd7 21.
Rxd5 cxd5 22. Ne5 Nxe5 23. dxe5 b5 24. Rg3 Kh7 25. Rf3 1/2-1/2

[Event "4NCL/Div4/AMCAH vs. CELT2"]
[Site "Wokefield Park ENG"]
[Date "2008.05.05"]
[Round "11.1"]
[White "Lyne, Colin J"]
[Black "Josse, Mark"]
[Result "1/2-1/2"]
[WhiteElo "1970"]
[BlackElo "1927"]
[PlyCount "39"]
[EventDate "2008.05.05"]
[EventType "team"]
[EventRounds "11"]
[EventCountry "ENG"]
[SourceDate "2007.09.15"]

1. e4 c5 2. Nf3 d6 3. d4 cxd4 4. Nxd4 Nf6 5. Nc3 g6 6. Be3 Bg7 7. f3 Nc6 8. Qd2
O-O 9. Bc4 Bd7 10. h4 Rc8 11. Bb3 h5 12. O-O-O Ne5 13. Bh6 Bxh6 14. Qxh6 Rxc3
15. bxc3 Qc7 16. g4 Qxc3 17. Kb1 Bxg4 18. fxg4 Nfxg4 19. Qd2 Qc5 20. Rh3
1/2-1/2

[Event "4NCL/Div4/AMCAH vs. CELT2"]
[Site "Wokefield Park ENG"]
[Date "2008.05.05"]
[Round "11.2"]
[White "Fathallah, Joe"]
[Black "Green, George D A"]
[Result "1-0"]
[WhiteElo "1970"]
[BlackElo "1965"]
[PlyCount "95"]
[EventDate "2008.05.05"]
[EventType "team"]
[EventRounds "11"]
[EventCountry "ENG"]
[SourceDate "2007.09.15"]

1. d4 d5 2. c4 e6 3. Nc3 Nf6 4. cxd5 exd5 5. Bg5 Be7 6. e3 O-O 7. Bd3 c6 8. Qc2
Nbd7 9. Nge2 Re8 10. O-O h6 11. Bh4 Ne4 12. Bxe7 Qxe7 13. Bxe4 dxe4 14. Ng3 Nf6
15. Rfd1 Bg4 16. Rd2 Rad8 17. h3 Bc8 18. Rad1 Qe6 19. Na4 Qxa2 20. Nc5 Qd5 21.
Ra1 a6 22. Ra3 Re7 23. Rb3 Rde8 24. Rd1 Qg5 25. Ra1 h5 26. Ra5 h4 27. Nxb7 Qg6
28. Nd6 hxg3 29. Nxe8 gxf2+ 30. Qxf2 Rxe8 31. Rc5 Nd5 32. Qc2 Bxh3 33. Rxc6 Qg3
34. Qf2 Qg5 35. Rxa6 Rc8 36. Ra1 Be6 37. Rba3 Nb4 38. Ra5 Qd8 39. Qf4 Bd5 40.
Qf5 g6 41. Qe5 Rc2 42. Rb5 Qf8 43. Rxb4 Qxb4 44. Qxd5 Qe7 45. b4 Rb2 46. b5 Qf6
47. Qxe4 Rxb5 48. Qe8+ 1-0

[Event "4NCL/Div4/AMCAH vs. CELT2"]
[Site "Wokefield Park ENG"]
[Date "2008.05.05"]
[Round "11.3"]
[White "Marley, Andrew"]
[Black "O'Grady, Gary"]
[Result "1-0"]
[WhiteElo "1840"]
[BlackElo "1937"]
[PlyCount "71"]
[EventDate "2008.05.05"]
[EventType "team"]
[EventRounds "11"]
[EventCountry "ENG"]
[SourceDate "2007.09.15"]

1. d4 f5 2. Bg5 Nf6 3. c4 Ne4 4. h4 Nc6 5. Nc3 Nxg5 6. hxg5 e6 7. Nf3 Bb4 8.
Qc2 b6 9. e4 Bxc3+ 10. bxc3 d6 11. Bd3 g6 12. exf5 exf5 13. O-O-O d5 14. Rde1+
Kf7 15. cxd5 Qxd5 16. Ne5+ Nxe5 17. Rxe5 Qxg2 18. Qb3+ Kf8 19. Rhe1 Qxg5+ 20.
Kc2 Bb7 21. Qe6 h5 22. Bc4 Kg7 23. Qf7+ Kh6 24. Re7 Qf4 25. Qg7+ Kg5 26. Rg1+
Kh4 27. Qxg6 Rh6 28. Qg3+ Qxg3 29. Rxg3 Be4+ 30. Kd2 c6 31. Bf1 Bf3 32. Rxf3
Kg4 33. Ke3 Kg5 34. Re5 Rf8 35. Rg3+ Kf6 36. Kf4 1-0

[Event "4NCL/Div4/AMCAH vs. CELT2"]
[Site "Wokefield Park ENG"]
[Date "2008.05.05"]
[Round "11.4"]
[White "Larter, Nick"]
[Black "Periasamymanjula, Mani"]
[Result "1/2-1/2"]
[WhiteElo "1780"]
[BlackElo "1673"]
[PlyCount "117"]
[EventDate "2008.05.05"]
[EventType "team"]
[EventRounds "11"]
[EventCountry "ENG"]
[SourceDate "2007.09.15"]

1. e4 e5 2. Bc4 Nf6 3. d4 exd4 4. Nf3 Nc6 5. O-O Bc5 6. e5 d5 7. exf6 dxc4 8.
Re1+ Be6 9. Ng5 Qd5 10. Nc3 Qf5 11. Nce4 Bb6 12. fxg7 Rg8 13. Nxe6 fxe6 14. Bh6
O-O-O 15. g4 Qg6 16. g5 Rd5 17. h4 Rf5 18. Ng3 Rd5 19. Qf3 Ne5 20. Rxe5 Rxe5
21. Qf6 Rd5 22. Qxg6 hxg6 23. Ne4 Rd7 24. Re1 Rgxg7 25. Nf6 Rgf7 26. Rxe6 Rde7
27. Rxe7 Rxe7 28. h5 d3 29. cxd3 cxd3 30. Nd5 Re6 31. hxg6 d2 32. Nc3 Re1+ 33.
Kg2 d1=Q 34. Nxd1 Rxd1 35. f4 Rd8 36. f5 Kd7 37. Kf3 Re8 38. f6 Rd8 39. Bf8
Rxf8 40. g7 Rg8 41. f7 Rxg7 42. f8=Q Re7 43. Kg4 Bd4 44. Qf3 c6 45. Qd3 c5 46.
b3 b6 47. Qf3 Kd6 48. a4 a5 49. Qf8 Kd7 50. Qb8 Kc6 51. Qa8+ Rb7 52. Qc8+ Rc7
53. Qe6+ Kb7 54. g6 Rg7 55. Kf5 Kc7 56. Ke4 Rd7 57. Kf5 Rg7 58. Kg5 Rd7 59. Kf5
1/2-1/2

[Event "4NCL/Div4/AMCAH vs. CELT2"]
[Site "Wokefield Park ENG"]
[Date "2008.05.05"]
[Round "11.5"]
[White "Andreev, Peter"]
[Black "Buttell, David"]
[Result "1/2-1/2"]
[WhiteElo "1705"]
[BlackElo "1755"]
[PlyCount "126"]
[EventDate "2008.05.05"]
[EventType "team"]
[EventRounds "11"]
[EventCountry "ENG"]
[SourceDate "2007.09.15"]

1. e4 c5 2. d4 cxd4 3. c3 Nc6 4. cxd4 d6 5. f4 g6 6. d5 Nb8 7. Nf3 Bg7 8. Nc3
a6 9. Be3 Bg4 10. Be2 Nf6 11. h3 Bxf3 12. Bxf3 O-O 13. g4 Nbd7 14. g5 Ne8 15.
h4 Rc8 16. Rc1 b5 17. Qe2 Nb6 18. h5 Nc4 19. hxg6 Nxe3 20. gxf7+ Rxf7 21. Qxe3
Bxc3+ 22. bxc3 Rc4 23. f5 Rg7 24. Kf2 Qc7 25. g6 Nf6 26. Rh4 Qc5 27. Qxc5 Rxc5
28. gxh7+ Rxh7 29. Rxh7 Kxh7 30. Ke3 Nd7 31. Be2 Ne5 32. Kd4 b4 33. Bxa6 Nf3+
34. Kd3 Ne5+ 35. Kd4 Nf3+ 36. Ke3 Rxc3+ 37. Rxc3 bxc3 38. Kd3 Nd2 39. Kxc3
Nxe4+ 40. Kd4 Nc5 41. Bc8 Kg7 42. Be6 Kf8 43. Kc4 Ke8 44. Kb5 Kd8 45. Kb6 Na4+
46. Kc6 Nc5 47. a3 Na4 48. Kb5 Nc5 49. a4 Kc7 50. a5 Kb7 51. Bf7 Nb3 52. a6+
Ka7 53. Be6 Nd4+ 54. Kc4 Nf3 55. Bc8 Kb6 56. Kd3 Ka7 57. Ke4 Ne1 58. Kf4 Nc2
59. Kg5 Ne3 60. Bb7 Kb8 61. Kg6 Ka7 62. f6 exf6 63. Kxf6 Nxd5+ 1/2-1/2

[Event "4NCL/Div4/AMCAH vs. CELT2"]
[Site "Wokefield Park ENG"]
[Date "2008.05.05"]
[Round "11.6"]
[White "Bannon, Senan"]
[Black "Meechan, Catriona"]
[Result "1/2-1/2"]
[WhiteElo "1507"]
[BlackElo "1710"]
[PlyCount "58"]
[EventDate "2008.05.05"]
[EventType "team"]
[EventRounds "11"]
[EventCountry "ENG"]
[SourceDate "2007.09.15"]

1. e4 g6 2. d4 Bg7 3. Nc3 d6 4. Bc4 Nf6 5. Bg5 Nbd7 6. Qd2 h6 7. Bh4 O-O 8.
Nge2 Kh7 9. f3 c6 10. Bd3 e5 11. dxe5 Nxe5 12. O-O-O Qc7 13. f4 Nxd3+ 14. Qxd3
Ne8 15. f5 Be5 16. Rhf1 g5 17. Bg3 f6 18. h4 Rf7 19. hxg5 hxg5 20. Rh1+ Kg8 21.
Rh6 Rh7 22. Rdh1 Rxh6 23. Rxh6 Qf7 24. Bxe5 dxe5 25. Qh3 Kf8 26. Nd5 cxd5 27.
Qa3+ Kg8 28. Qh3 Kf8 29. Qa3+ Kg8 1/2-1/2

[Event "4NCL/Div4/NOTT2 vs. GREN"]
[Site "Wokefield Park ENG"]
[Date "2008.05.05"]
[Round "11.1"]
[White "Wright, Antony J"]
[Black "Bennett, Dominic"]
[Result "1-0"]
[WhiteElo "1995"]
[BlackElo "2010"]
[PlyCount "142"]
[EventDate "2008.05.05"]
[EventType "team"]
[EventRounds "11"]
[EventCountry "ENG"]
[SourceDate "2007.09.15"]

1. d4 d5 2. Bf4 c5 3. c3 Nc6 4. e3 Qb6 5. Qb3 c4 6. Qxb6 axb6 7. Nd2 Bf5 8.
Ngf3 b5 9. a3 b4 10. cxb4 Nxb4 11. Rc1 Nc6 12. Nh4 e6 13. Nxf5 exf5 14. Be2 Nf6
15. h3 h5 16. Nb1 Ne4 17. f3 Nd6 18. Nc3 Ra5 19. Kf2 f6 20. h4 Kd7 21. Rhd1 g5
22. hxg5 fxg5 23. Bxg5 Nf7 24. Bh4 Nd6 25. Bg3 h4 26. Bxd6 Bxd6 27. f4 Ke6 28.
Rh1 Raa8 29. Bf3 Ne7 30. Rh3 b5 31. Ke2 b4 32. axb4 Bxb4 33. Kd1 Bxc3 34. bxc3
Ra2 35. Rc2 Ra1+ 36. Kd2 Kd6 37. Ke2 Kc6 38. g3 Ng6 39. g4 fxg4 40. Bxg4 Rg1
41. Bf3 Ne7 42. Rh1 Rg7 43. e4 Re8 44. exd5+ Kd6 45. Kf2 Nf5 46. Ra2 Rb7 47.
Bg4 Re4 48. Bxf5 Rxf4+ 49. Ke3 Rxf5 50. Rxh4 Re7+ 51. Re4 Rff7 52. Ra5 Rh7 53.
Re6+ Rxe6+ 54. dxe6 Kxe6 55. Rc5 Rh3+ 56. Kd2 Rh2+ 57. Kc1 Kd6 58. Rxc4 Kd5 59.
Rb4 Ke4 60. Rb2 Rh1+ 61. Kc2 Rh3 62. Rb1 Rh2+ 63. Kb3 Kd3 64. Rd1+ Ke2 65. Rc1
Kd3 66. d5 Rh8 67. Rd1+ Ke4 68. c4 Rb8+ 69. Kc3 Rd8 70. Re1+ Kf3 71. Kd4 Kg2
1-0

[Event "4NCL/Div4/NOTT2 vs. GREN"]
[Site "Wokefield Park ENG"]
[Date "2008.05.05"]
[Round "11.2"]
[White "Hardy, Roger"]
[Black "de Mooi, CJ."]
[Result "1/2-1/2"]
[WhiteElo "2024"]
[BlackElo "2040"]
[PlyCount "28"]
[EventDate "2008.05.05"]
[EventType "team"]
[EventRounds "11"]
[EventCountry "ENG"]
[SourceDate "2007.09.15"]

1. g3 f5 2. d4 Nf6 3. Bg2 d5 4. c4 e6 5. cxd5 exd5 6. Bg5 c6 7. Bxf6 Qxf6 8.
Nf3 Bd6 9. e3 O-O 10. Nc3 Be6 11. O-O Bf7 12. Rc1 Bh5 13. a3 Qe7 14. Na4 Nd7
1/2-1/2

[Event "4NCL/Div4/NOTT2 vs. GREN"]
[Site "Wokefield Park ENG"]
[Date "2008.05.05"]
[Round "11.3"]
[White "Thompson, Brian"]
[Black "Bromilow, Edward"]
[Result "1-0"]
[WhiteElo "1928"]
[BlackElo "1955"]
[PlyCount "127"]
[EventDate "2008.05.05"]
[EventType "team"]
[EventRounds "11"]
[EventCountry "ENG"]
[SourceDate "2007.09.15"]

1. d4 Nf6 2. Nf3 e6 3. e3 b6 4. Bd3 Bb7 5. O-O g6 6. Nbd2 Bg7 7. b3 O-O 8. Bb2
d6 9. Rc1 Nbd7 10. c4 c5 11. Qc2 Rc8 12. e4 Nh5 13. d5 e5 14. g3 Rc7 15. Rfe1
Bc8 16. Nf1 Ndf6 17. Rcd1 Bg4 18. Be2 Bh6 19. Bc1 Bg7 20. Ne3 Bd7 21. a3 Ng4
22. Nxg4 Bxg4 23. Ng5 Bxe2 24. Qxe2 h6 25. Nf3 Kh7 26. Nh4 Bf6 27. Ng2 Bg5 28.
f4 exf4 29. gxf4 Bh4 30. Rf1 Ng7 31. Qg4 Bf6 32. Rd3 Re7 33. f5 Qe8 34. fxg6+
fxg6 35. Re1 Qf7 36. Qd1 Bd4+ 37. Rxd4 Qf2+ 38. Kh1 cxd4 39. Bd2 Rxe4 40. Rg1
Qe2 41. Qxe2 Rxe2 42. Bb4 Nf5 43. Nf4 a5 44. Nxe2 axb4 45. axb4 d3 46. Nc3 Nd4
47. Rd1 Rf3 48. c5 bxc5 49. bxc5 dxc5 50. d6 Nc6 51. Ne4 d2 52. Rxd2 Rxb3 53.
Nxc5 Rb8 54. d7 Nd8 55. Re2 Kg7 56. Re7+ Kf6 57. Re8 Kf7 58. Nd3 Kf6 59. Nc5
Kf7 60. Kg2 Rb5 61. Rxd8 Rxc5 62. Rc8 Rd5 63. d8=Q Rxd8 64. Rxd8 1-0

[Event "4NCL/Div4/NOTT2 vs. GREN"]
[Site "Wokefield Park ENG"]
[Date "2008.05.05"]
[Round "11.4"]
[White "Jennings, Michael"]
[Black "Taylor, Robert P"]
[Result "0-1"]
[WhiteElo "1780"]
[BlackElo "1953"]
[PlyCount "64"]
[EventDate "2008.05.05"]
[EventType "team"]
[EventRounds "11"]
[EventCountry "ENG"]
[SourceDate "2007.09.15"]

1. e4 d6 2. d4 Nf6 3. Nc3 Nbd7 4. Be3 e5 5. Nf3 Be7 6. Bc4 h6 7. h3 c6 8. d5 c5
9. Qd2 Nb6 10. Be2 Bd7 11. Bb5 Bxb5 12. Nxb5 Nxe4 13. Qd3 Nf6 14. c4 e4 15. Qe2
exf3 16. gxf3 a6 17. Nc3 Qd7 18. Ne4 O-O-O 19. b3 Rhe8 20. Nxf6 Bxf6 21. Rb1
Bc3+ 22. Kd1 Qf5 23. Kc1 Rd7 24. a3 Rde7 25. b4 Bd4 26. bxc5 Bxe3+ 27. fxe3
Rxe3 28. Qb2 Qd3 29. Rd1 Qxd1+ 30. Kxd1 Re1+ 31. Kc2 R8e2+ 32. Kc3 Na4+ 0-1

[Event "4NCL/Div4/NOTT2 vs. GREN"]
[Site "Wokefield Park ENG"]
[Date "2008.05.05"]
[Round "11.5"]
[White "Graham, Neil"]
[Black "Streeter, Harry"]
[Result "1/2-1/2"]
[WhiteElo "1895"]
[BlackElo "1765"]
[PlyCount "41"]
[EventDate "2008.05.05"]
[EventType "team"]
[EventRounds "11"]
[EventCountry "ENG"]
[SourceDate "2007.09.15"]

1. d4 Nf6 2. f3 g6 3. e4 d6 4. c4 Bg7 5. Nc3 O-O 6. Be3 Nbd7 7. Bd3 e5 8. d5 h6
9. Qd2 Kh7 10. Nge2 Nc5 11. g4 Nxd3+ 12. Qxd3 Ng8 13. O-O-O f5 14. gxf5 gxf5
15. exf5 Bxf5 16. Ne4 a6 17. N2g3 Bg6 18. Rdf1 c5 19. h4 Kh8 20. h5 {=} Bh7 21.
Rh2 1/2-1/2

[Event "4NCL/Div4/NOTT2 vs. GREN"]
[Site "Wokefield Park ENG"]
[Date "2008.05.05"]
[Round "11.6"]
[White "Schmidt, David"]
[Black "Cranmer, Stan"]
[Result "0-1"]
[WhiteElo "1250"]
[BlackElo "1910"]
[PlyCount "126"]
[EventDate "2008.05.05"]
[EventType "team"]
[EventRounds "11"]
[EventCountry "ENG"]
[SourceDate "2007.09.15"]

1. e4 Nc6 2. Nf3 Nf6 3. Nc3 d5 4. e5 d4 5. exf6 dxc3 6. fxe7 cxd2+ 7. Qxd2 Bxe7
8. Qxd8+ Bxd8 9. Bb5 Bd7 10. Bf4 O-O 11. O-O-O Bg4 12. Bxc6 bxc6 13. Rd3 Rb8
14. Ne5 Bf5 15. Rc3 Rb4 16. g3 Bf6 17. Rc5 Be6 18. b3 Be7 19. Rxc6 Bd5 20. Rxc7
Bd8 21. Rd1 Bxc7 22. Rxd5 f6 23. Bd2 Rb7 24. Nc6 Bb6 25. f3 Re8 26. Kd1 Rc7 27.
Nd4 Rce7 28. Nf5 Re5 29. Rxe5 Rxe5 30. Nd6 Rd5 31. Nc4 Bg1 32. h3 Bh2 33. g4
Bf4 34. Ke2 Bxd2 35. Nxd2 Kf7 36. Nc4 Ke6 37. Ne3 Rd7 38. Nc4 g6 39. a4 Kd5 40.
Nd2 Kd4 41. Nb1 Re7+ 42. Kd2 h5 43. c3+ Kc5 44. Na3 hxg4 45. hxg4 Rh7 46. b4+
Kb6 47. Nc4+ Kc7 48. Ne3 Kd6 49. Nd1 Ke5 50. Ke3 Rc7 51. f4+ Ke6 52. a5 a6 53.
Ke4 f5+ 54. gxf5+ gxf5+ 55. Ke3 Rc4 56. Kf3 Kd6 57. Ke3 Kc6 58. Kf3 Kb5 59. Ke3
Re4+ 60. Kf3 Rc4 61. Ke3 Re4+ 62. Kf3 Kc4 63. Kg3 Re1 0-1

[Event "4NCL/Div4/GUI5 vs. WOB"]
[Site "Wokefield Park ENG"]
[Date "2008.05.05"]
[Round "11.1"]
[White "Gibbs, Daniel"]
[Black "Healey, Michael"]
[Result "0-1"]
[WhiteElo "1990"]
[BlackElo "2013"]
[PlyCount "86"]
[EventDate "2008.05.05"]
[SourceDate "2007.09.15"]

1. d4 Nf6 2. Nf3 d5 3. c4 e6 4. Nc3 Be7 5. Bg5 O-O 6. e3 h6 7. Bh4 b6 8. Rb1
Bb7 9. Bxf6 Bxf6 10. cxd5 exd5 11. b4 g6 12. Bd3 Bg7 13. O-O {=} f5 14. Qc2 a6
15. Ne5 Bxe5 16. dxe5 Nc6 17. f4 Kh7 18. Ne2 a5 19. bxa5 Rxa5 20. g4 Rc5 21.
Qd1 Qh4 22. gxf5 gxf5 23. Ng3 Ne7 24. Qh5 Qxh5 25. Nxh5 Rc3 26. Nf6+ Kg6 27.
Rb3 Rxb3 28. axb3 {=} Ra8 29. Be2 Kf7 30. Bh5+ Ke6 31. Ne8 Ra2 32. Ng7+ Kd7 33.
Rd1 c5 34. e4 d4 35. Nxf5 Bxe4 36. Ng3 {=} Bf5 37. Nxf5 Nxf5 38. Bg4 Ke6 39. b4
h5 40. Bxf5+ Kxf5 41. Re1 d3 42. e6 d2 43. Re5+ Kf6 0-1

[Event "4NCL/Div4/GUI5 vs. WOB"]
[Site "Wokefield Park ENG"]
[Date "2008.05.05"]
[Round "11.3"]
[White "Davies, Matthew"]
[Black "Horlock, Peter"]
[Result "1-0"]
[WhiteElo "1937"]
[BlackElo "1870"]
[PlyCount "57"]
[EventDate "2008.05.05"]
[SourceDate "2007.09.15"]

1. d4 Nf6 2. c4 e6 3. Nc3 d5 4. cxd5 exd5 5. Bg5 c6 6. Qc2 Be7 7. e3 Ne4 8.
Bxe7 Qxe7 9. Nxd5 cxd5 10. Qxc8+ Qd8 11. Bb5+ Nc6 12. Bxc6+ bxc6 13. Qxc6+ Kf8
14. Ne2 Rc8 15. Qa4 h5 16. Rc1 Rxc1+ 17. Nxc1 Rh6 18. Nd3 Qg5 19. O-O Qf5 20.
Qc2 Ng5 21. Rc1 Qe4 22. Qc8+ Ke7 23. Qc7+ Kf6 24. Rc6+ Kf5 25. Qe5+ Kg4 26. h3+
Nxh3+ 27. gxh3+ Kf3 28. Qxe4+ dxe4 29. Ne5+ 1-0